Gaming Quiz

Random Gaming or Video Games Quiz

Begins and Ends: Video Games Quiz Stats

 Plays Quiz Updated Mar 1, 2018

Also try: '90s Video Games
Challenge
Share
Tweet
Embed
Score 0/20 Timer 04:00
73 Plays Today
Begins and Ends Video Game % Correct
R _ D    D _ _ D    R _ _ _ _ _ _ _ _ NRed Dead Redemption
78.5%
S _ _ _ R    M _ _ _ O    K _ _ TSuper Mario Kart
78.3%
M _ _ _ L    G _ _ RMetal Gear
75.6%
G _ _ _ D    T _ _ _ T    A _ _ OGrand Theft Auto
73.1%
T _ _ B    R _ _ _ _ RTomb Raider
71.3%
D _ _ K    S _ _ _ SDark Souls
56.6%
G _ _ N    T _ _ _ _ _ OGran Turismo
54.2%
M _ _ S    E _ _ _ _ TMass Effect
52.8%
D _ _ _ E    D _ _ _ E    R _ _ _ _ _ _ _ _ NDance Dance Revolution
44.5%
T _ _ _ _ STetris
40.3%
Begins and Ends Video Game % Correct
S _ _ _ _ T    F _ _ _ _ _ RStreet Fighter
39.1%
P _ _ _ _ _ N    Y _ _ _ _ WPokémon Yellow
36.5%
A _ _ _ _ L    C _ _ _ _ _ _ GAnimal Crossing
35.8%
T _ E    O _ _ _ _ N    T _ _ _ LThe Oregon Trail
33.4%
M _ _ _ _ _ DMetroid
32.4%
P _ _ _ _ LPortal
26.8%
F _ _ _ _ _ TFallout
24.6%
S _ _ _ E    I _ _ _ _ _ _ SSpace Invaders
14.4%
O _ _ _ _ _ _ _ HOverwatch
13.1%
C _ _ _ _ _ _ _ _ _ _ NCivilization
11.5%

You're not logged in!

Compare scores with friends on all Sporcle quizzes.
OR
Log In

You Might Also Like...

Show Comments

Extras

Top Quizzes Today


Score Distribution

Your Account Isn't Verified!

In order to create a playlist on Sporcle, you need to verify the email address you used during registration. Go to your Sporcle Settings to finish the process.

Report this User

Report this user for behavior that violates our Community Guidelines.

Details: